000
00315nam a22001337a 4500
008
181029b xxu||||| |||| 00| 0 eng d
020
_a
074470874676
041
_a
eng
080
_a
821
100
_a
24
101
_a
GJU
245
_a
Gulf Coast A journal Of Literature Fire Arts
_c
Flyn.n
942
_2
udc
_c
BK
999
_c
50951
_d
50951